[Event "Fuerstenfeld U18 op 6th"]
[Site "Fuerstenfeld"]
[Date "2023.07.20"]
[Round "1"]
[White "Fuertler, Oliver"]
[Black "Fidan, Naz Mercan"]
[Result "0-1"]
[WhiteElo "1805"]
[BlackElo "1053"]
[PlyCount "134"]
[EventDate "2023.07.20"]
[EventType "swiss"]
[EventRounds "7"]
[EventCountry "AUT"]
[SourceTitle "CBM 215 Extra"]
[Source "ChessBase"]
[SourceDate "2023.09.30"]
[SourceVersion "1"]
[SourceVersionDate "2023.09.30"]
[SourceQuality "1"]

1. e4 c5 2. Nf3 e6 3. d4 cxd4 4. Nxd4 a6 5. Nc3 Qc7 6. a3 b5 7. Be2 Bb7 8. Qd3 Nf6 9. Bg5 Be7 10. 0-0 d6 11. Bf3 Nbd7 12. Qe3 0-0 13. Nb3 Ne5 14. Be2 Rac8 15. f3 h6 16. Bf4 Nh5 17. Bxe5 dxe5 18. g3 f5 19. exf5 exf5 20. f4 Nf6 21. Qxe5 Qb6+ 22. Qd4 Qxd4+ 23. Nxd4 Bc5 24. Ncxb5 axb5 25. c3 Rfd8 26. Rad1 Bxd4+ 27. cxd4 Rc2 28. Bf3 Bxf3 29. Rxf3 Rxb2 30. h3 b4 31. axb4 Rxb4 32. Rfd3 Rb5 33. Kg2 Rbd5 34. Kf3 Kf7 35. g4 fxg4+ 36. hxg4 Ne8 37. Ke4 Nc7 38. f5 Re8+ 39. Kf4 Kf6 40. Rc1 Nb5 41. Rc6+ Kf7 42. Rc4 Red8 43. Ke3 Kf6 44. Rc6+ R8d6 45. Rc5 Rxd4 46. Rxd4 Nxd4 47. Kf4 Nc6 48. Rb5 Ne7 49. Rb7 Nd5+ 50. Kg3 Rc6 51. Kf3 Rc7 52. Rb5 Rd7 53. Ra5 Rd6 54. Ra7 Ne7 55. Kf4 Rd1 56. Ra6+ Kf7 57. Ra7 Rf1+ 58. Ke4 Kf6 59. Ra6+ Kg5 60. Ra7 Re1+ 61. Kf3 Kh4 62. Rb7 Kh3 63. Ra7 Kh4 64. Rb7 Kg5 65. Ra7 Kf6 66. Ra6+ Kg5 67. Ra7 g6 0-1